000 01256nam a2200337Ia 4500
001 ebr10682710
003 CaPaEBR
006 m u
007 cr cn|||||||||
008 030331s2002 enk sb 000 0 eng d
020 _z9781446265161
020 _z0826467806
020 _z9780826467805
040 _aCaPaEBR
_cCaPaEBR
035 _a(OCoLC)846989532
050 1 4 _aBF335
_b.M33 2002eb
082 0 4 _a155.2
_221
100 1 _aMcCormick, Elizabeth Wilde.
245 1 0 _aLiving on the edge
_h[electronic resource] :
_bbreaking up to break down to breakthrough /
_cElizabeth Wilde McCormick.
250 _a[New ed.].
260 _aLondon :
_bContinuum,
_c2002.
300 _a203 p.
500 _aPrevious ed.: Shaftesbury : Element, 1997.
504 _aIncludes bibliographical references.
533 _aElectronic reproduction.
_bPalo Alto, Calif. :
_cebrary,
_d2013.
_nAvailable via World Wide Web.
_nAccess may be limited to ebrary affiliated libraries.
650 0 _aAdlerian psychology.
650 0 _aAdjustment (Psychology)
655 7 _aElectronic books.
_2local
710 2 _aebrary, Inc.
856 4 0 _uhttp://site.ebrary.com/lib/rucke/Doc?id=10682710
_zAn electronic book accessible through the World Wide Web; click to view
999 _c32217
_d32217